| 000 | 00000nam##2200000za#4500 |
| 001 | 9.663971 |
| 003 | CaOODSP |
| 005 | 20210615121325 |
| 007 | ta |
| 008 | 150407|2002||||xxc||||| f|0| 0 iku|d |
| 020 | |a0-662-02563-6 |
| 040 | |aCaOODSP|beng |
| 041 | 7|aiku |
| 043 | |an-cn--- |
| 086 | 1 |aH35-4/20-2002S |
| 110 | 1 |aCanada. |bHealth Canada. |bFirst Nations and Inuit Health Branch. |
| 245 | 10|aAboriginal Diabetes Initiative evaluation framework |
| 260 | |aOttawa - Ontario : |bHealth Canada. |c2002. |
| 300 | |a32p. : |borganization charts, tables ; |c28 cm. |
| 546 | |aInuktitut. |
| 563 | |aSoftcover |
| 590 | |a02-35|b2002-08-23 |
| 690 | 07|aIndigenous peoples|2gcpds |
| 690 | 07|aDiabetes|2gcpds |
| 690 | 07|aProgram assessment|2gcpds |
| 775 | 08|tInitiative sur le diabète chez les Autochtones: cadre d'évaluation |w(CaOODSP)9.663540 |
| 776 | 0#|t[Initiative sur le diabète chez les Autochtones - cadre d'évaluation] |w(CaOODSP)9.675816 |
| 792 | |tInitiative sur le diabète chez les Autochtones: cadre d'évaluation |efre|w(CaOODSP)9.663972 |